| 000 | 00459nam a22001697a 4500 | ||
|---|---|---|---|
| 999 |
_c4626 _d4626 |
||
| 003 | GBCCL | ||
| 005 | 20241126110523.0 | ||
| 008 | 180129b xxu||||| |||| 00| 0 eng d | ||
| 040 | _cgbc | ||
| 082 |
_a VER 248.4 _bDIM |
||
| 100 |
_aDimzangai _98510 |
||
| 245 |
_aKahna Guam-a Tuinaak: _bKa khualzinna / _cDimzangai |
||
| 260 |
_aHiangtam Lamka: _bRuth Messenger Board, _c2015 |
||
| 300 |
_a208 p.; _c23 cm. |
||
| 650 |
_aChristian life _9183 |
||
| 942 |
_2ddc _cBK _03 |
||